[Event "Andalusia-ch Rapid"]
[Site "Dos Hermanas"]
[Date "2021.06.12"]
[Round "3"]
[White "Jimenez Alonso, Julio"]
[Black "Bernabeu Lopez, Carlos Javier"]
[Result "0-1"]
[WhiteElo "1990"]
[BlackElo "2403"]
[PlyCount "84"]
[EventDate "2021.06.12"]
[EventType "swiss (rapid)"]
[EventRounds "8"]
[EventCountry "ESP"]
[SourceTitle "CBM 203 Extra"]
[Source "ChessBase"]
[SourceDate "2021.09.30"]
[SourceVersion "1"]
[SourceVersionDate "2021.09.30"]
[SourceQuality "1"]

1. d4 Nf6 2. Nf3 g6 3. c4 Bg7 4. g3 0-0 5. Bg2 d6 6. Nc3 Nc6 7. 0-0 Bg4 8. h3 Bxf3 9. Bxf3 Nd7 10. e3 e5 11. d5 Ne7 12. e4 f5 13. Qe2 a5 14. Bd2 f4 15. g4 Nc5 16. Rfb1 a4 17. Nb5 c6 18. dxc6 bxc6 19. Na3 Ne6 20. Nc2 c5 21. Bc3 Nc6 22. Rd1 Ned4 23. Bxd4 exd4 24. Ne1 Be5 25. Nd3 Qh4 26. Kg2 Kg7 27. a3 Rfb8 28. Rab1 Rb3 29. Rh1 Rab8 30. Qc2 R8b7 31. Nc1 d3 32. Nxd3 Nd4 33. Qd2 Nxf3 34. Kxf3 Rxd3+ 35. Qxd3 Rb3 36. Qxb3 axb3 37. a4 Bd4 38. Rhf1 Qxh3+ 39. Ke2 Qxg4+ 40. Kd2 f3 41. a5 Qxe4 42. Rfe1 Qc2# 0-1

[Event "LSS No Engine Cup 202 Preliminary 0"]
[Site "LSS email"]
[Date "2020.04.04"]
[Round "?"]
[White "Khramkov, Alexey"]
[Black "Jimenez Alonso, Julio"]
[Result "0-1"]
[WhiteElo "1600"]
[BlackElo "1774"]
[PlyCount "64"]
[EventDate "2020.04.04"]
[EventType "tourn (corr)"]
[EventRounds "6"]
[EventCountry "GER"]
[SourceTitle "Corr 2022"]
[Source "ChessBase"]
[SourceDate "2021.10.24"]
[SourceVersion "1"]
[SourceVersionDate "2021.10.24"]
[SourceQuality "1"]

1. e4 c5 2. Nf3 e6 3. d4 cxd4 4. Nxd4 Nc6 5. Nb5 d6 6. c4 Nf6 7. N1c3 a6 8. Na3 Be7 9. Be2 0-0 10. 0-0 b6 11. Be3 Bb7 12. Rc1 Ne5 13. Qd4 Nfd7 14. f4 Ng6 15. Qd2 Qc7 16. Rf3 Rfd8 17. Rcf1 Nc5 18. Bd3 Nxd3 19. Qxd3 Bc6 20. Rg3 Bf8 21. Nc2 b5 22. Nd4 Bd7 23. cxb5 axb5 24. Ndxb5 Qb8 25. a3 Ra5 26. b4 Bxb5 27. Nxb5 Rxb5 28. f5 Ne5 29. Qb3 exf5 30. exf5 d5 31. Bd4 f6 32. Bxe5 Qxe5 0-1

[Event "LSS No Engine Cup 200 Preliminary 0"]
[Site "LSS email"]
[Date "2020.02.23"]
[Round "?"]
[White "Herzog, Matthias"]
[Black "Jimenez Alonso, Julio"]
[Result "1-0"]
[WhiteElo "2080"]
[BlackElo "1600"]
[PlyCount "69"]
[EventDate "2020.02.23"]
[EventType "tourn (corr)"]
[EventRounds "6"]
[EventCountry "GER"]
[SourceTitle "Corr 2022"]
[Source "ChessBase"]
[SourceDate "2021.10.24"]
[SourceVersion "1"]
[SourceVersionDate "2021.10.24"]
[SourceQuality "1"]

1. d4 Nf6 2. c4 e6 3. Nc3 Bb4 4. f3 d5 5. a3 Bxc3+ 6. bxc3 c5 7. cxd5 exd5 8. e3 0-0 9. Bd3 Nc6 10. Ne2 Re8 11. 0-0 Be6 12. Rb1 Qc7 13. Qe1 Rad8 14. Nf4 b6 15. Qg3 Qd7 16. dxc5 bxc5 17. Bb5 c4 18. Ba4 Qc8 19. Rd1 Bf5 20. Rb2 h6 21. Bb5 a6 22. Ba4 Bd7 23. Nxd5 Nxd5 24. Rxd5 Ne7 25. Rxd7 Rxd7 26. Bxd7 Qxd7 27. Rd2 Qb5 28. e4 Ng6 29. Qd6 Qb3 30. Qb4 Rb8 31. Qd6 Qb1 32. Rd1 Rb6 33. Qd8+ Kh7 34. Be3 Qb3 35. Bxb6 1-0

[Event "LSS No Engine Cup 200 Preliminary 0"]
[Site "LSS email"]
[Date "2020.02.23"]
[Round "?"]
[White "Jimenez Alonso, Julio"]
[Black "Pech, Stepan"]
[Result "1-0"]
[WhiteElo "1600"]
[BlackElo "1510"]
[PlyCount "35"]
[EventDate "2020.02.23"]
[EventType "tourn (corr)"]
[EventRounds "6"]
[EventCountry "GER"]
[SourceTitle "Corr 2022"]
[Source "ChessBase"]
[SourceDate "2021.10.24"]
[SourceVersion "1"]
[SourceVersionDate "2021.10.24"]
[SourceQuality "1"]

1. d4 Nf6 2. Nf3 g6 3. c4 Bg7 4. g3 0-0 5. Bg2 d6 6. Nc3 Nbd7 7. 0-0 e5 8. e4 exd4 9. Nxd4 Nc5 10. Re1 Re8 11. h3 a5 12. b3 Bd7 13. Bf4 h6 14. Rb1 Nh7 15. Qd2 Ng5 16. Kh2 Bxd4 17. Qxd4 Nge6 18. Qd2 1-0

[Event "LSS No Engine Cup 200 Preliminary 0"]
[Site "LSS email"]
[Date "2020.02.23"]
[Round "?"]
[White "Jimenez Alonso, Julio"]
[Black "Vio, Mauro"]
[Result "0-1"]
[WhiteElo "1600"]
[BlackElo "1866"]
[PlyCount "68"]
[EventDate "2020.02.23"]
[EventType "tourn (corr)"]
[EventRounds "6"]
[EventCountry "GER"]
[SourceTitle "Corr 2022"]
[Source "ChessBase"]
[SourceDate "2021.10.24"]
[SourceVersion "1"]
[SourceVersionDate "2021.10.24"]
[SourceQuality "1"]

1. d4 d5 2. c4 e6 3. Nc3 Bb4 4. e3 Nf6 5. Nf3 0-0 6. Bd3 Ne4 7. Qc2 dxc4 8. Bxe4 f5 9. 0-0 Bxc3 10. bxc3 fxe4 11. Qxe4 Nc6 12. Ba3 Rf6 13. Nd2 Qd5 14. Qxd5 exd5 15. e4 Be6 16. exd5 Bxd5 17. Rfe1 Rb8 18. Re3 Re6 19. Rxe6 Bxe6 20. Re1 Kf7 21. f4 Bd5 22. Kf2 b5 23. Nf3 Bxf3 24. Kxf3 a5 25. Bc5 b4 26. d5 Rb5 27. cxb4 axb4 28. dxc6 Rxc5 29. Rb1 c3 30. Ke2 Rxc6 31. Kd3 Ke6 32. Kc2 Rc4 33. g3 Kd5 34. a3 c5 0-1

[Event "LSS No Engine Cup 199 Preliminary 0"]
[Site "LSS email"]
[Date "2020.02.11"]
[Round "?"]
[White "Jimenez Alonso, Julio"]
[Black "Glowinski, Daniel"]
[Result "1-0"]
[WhiteElo "1600"]
[BlackElo "1903"]
[PlyCount "135"]
[EventDate "2020.02.11"]
[EventType "tourn (corr)"]
[EventRounds "6"]
[EventCountry "GER"]
[SourceTitle "Corr 2022"]
[Source "ChessBase"]
[SourceDate "2021.10.24"]
[SourceVersion "1"]
[SourceVersionDate "2021.10.24"]
[SourceQuality "1"]

1. d4 Nf6 2. Nf3 e6 3. c4 d5 4. g3 Be7 5. Bg2 0-0 6. 0-0 Nc6 7. b3 Ne4 8. Bb2 f5 9. Nc3 a5 10. e3 b6 11. Nd2 Nb4 12. f3 Nxc3 13. Bxc3 Bb7 14. a3 Nc6 15. Qe2 Qd6 16. f4 Qd7 17. Nf3 Rfe8 18. Rfc1 Ba6 19. Qc2 dxc4 20. Bb2 b5 21. bxc4 bxc4 22. Nd2 Rab8 23. Nxc4 Rec8 24. Rab1 Bf6 25. Nd2 Ne7 26. Nb3 Qd6 27. Nc5 Rf8 28. Bc3 Bc4 29. Bxa5 Rxb1 30. Rxb1 Bd5 31. Bb4 Qc6 32. Rc1 Bxg2 33. Qxg2 Nd5 34. Qd2 Rb8 35. h4 g6 36. Kf2 Bg7 37. Nd3 Qe8 38. Qc2 Rb6 39. Bc5 Rb7 40. Nb4 Nf6 41. Nd3 Ng4+ 42. Ke2 Qc6 43. Kd2 Nf6 44. Re1 Ne4+ 45. Kc1 Nxg3 46. Bb4 Qd5 47. Qc5 Qd7 48. Qa5 Qe8 49. Nc5 Rb6 50. Qa7 Qc8 51. Ba5 Rc6 52. Kb2 h5 53. Rg1 Ne4 54. Nxe4 fxe4 55. Rxg6 Kf7 56. Rg5 Bf8 57. d5 exd5 58. Qd4 Qe6 59. Bc3 Rb6+ 60. Kc2 Be7 61. Rxh5 Ke8 62. Re5 Qc6 63. h5 Qd6 64. Qxd5 Qxd5 65. Rxd5 Bxa3 66. Re5+ Kf7 67. Rxe4 Be7 68. Re5 1-0

[Event "LSS No Engine Cup 199 Preliminary 0"]
[Site "LSS email"]
[Date "2020.02.11"]
[Round "?"]
[White "Jimenez Alonso, Julio"]
[Black "Prokopets, Vasilij"]
[Result "1-0"]
[WhiteElo "1600"]
[BlackElo "1620"]
[PlyCount "103"]
[EventDate "2020.02.11"]
[EventType "tourn (corr)"]
[EventRounds "6"]
[EventCountry "GER"]
[SourceTitle "Corr 2022"]
[Source "ChessBase"]
[SourceDate "2021.10.24"]
[SourceVersion "1"]
[SourceVersionDate "2021.10.24"]
[SourceQuality "1"]

1. e4 e5 2. Nf3 Nc6 3. Bc4 Nf6 4. d3 Be7 5. 0-0 0-0 6. Re1 d6 7. a4 Bg4 8. h3 Bh5 9. c3 Qd7 10. Nbd2 Kh8 11. a5 a6 12. Nf1 d5 13. exd5 Nxd5 14. Ng3 Bxf3 15. Qxf3 Rad8 16. Nf5 Nf6 17. Bg5 Ng8 18. Nxe7 Ngxe7 19. Bxe7 Qxe7 20. Bxa6 Nb4 21. cxb4 bxa6 22. Qb7 Rxd3 23. Qxa6 Rfd8 24. Qb7 Qd6 25. a6 Qb6 26. Qxb6 cxb6 27. a7 Ra8 28. Rxe5 g6 29. Re7 Kg7 30. Rb7 Rdd8 31. Rxb6 Rd7 32. Rba6 Rb7 33. R1a4 Kf8 34. Kf1 Ke8 35. Ke2 Kd8 36. Kd3 Kc8 37. Kc4 Rc7+ 38. Kb5 Rb7+ 39. Kc5 Re7 40. b5 Re5+ 41. Kc4 Rf5 42. f3 Kb7 43. Rc6 Rf4+ 44. Kb3 Rf5 45. Ra5 Rxb5+ 46. Rxb5+ Kxc6 47. Ra5 Kb6 48. Ra1 Kb5 49. Kc3 Kc5 50. b4+ Kb5 51. Ra5+ Kb6 52. Kd4 1-0

[Event "LSS No Engine Cup 198 Preliminary 0"]
[Site "LSS email"]
[Date "2020.02.02"]
[Round "?"]
[White "Herzog, Agnes"]
[Black "Jimenez Alonso, Julio"]
[Result "1-0"]
[WhiteElo "2146"]
[BlackElo "1600"]
[PlyCount "65"]
[EventDate "2020.02.02"]
[EventType "tourn (corr)"]
[EventRounds "6"]
[EventCountry "GER"]
[SourceTitle "Corr 2022"]
[Source "ChessBase"]
[SourceDate "2021.10.24"]
[SourceVersion "1"]
[SourceVersionDate "2021.10.24"]
[SourceQuality "1"]

1. e4 c5 2. Nf3 e6 3. d4 cxd4 4. Nxd4 Nc6 5. Nc3 Qc7 6. Ndb5 Qb8 7. Be3 a6 8. Nd4 Qc7 9. Qd2 Nf6 10. 0-0-0 Be7 11. f4 d6 12. Be2 0-0 13. g4 Nxd4 14. Bxd4 b5 15. g5 Nd7 16. f5 b4 17. Na4 Bb7 18. f6 Bd8 19. Bd3 Nc5 20. b3 Nxd3+ 21. Qxd3 Bc6 22. fxg7 Bxg5+ 23. Kb1 Rfe8 24. Rhg1 Bd8 25. Nb6 Rb8 26. Nc4 Bb5 27. Qh3 Bxc4 28. bxc4 Qe7 29. Rdf1 Qh4 30. Qf3 Rb7 31. e5 Rd7 32. Rg4 Qh6 33. Rf4 1-0

[Event "LSS No Engine Cup 198 Preliminary 0"]
[Site "LSS email"]
[Date "2020.02.02"]
[Round "?"]
[White "Jimenez Alonso, Julio"]
[Black "Starkov, Leg"]
[Result "1-0"]
[WhiteElo "1600"]
[BlackElo "1600"]
[PlyCount "39"]
[EventDate "2020.02.02"]
[EventType "tourn (corr)"]
[EventRounds "6"]
[EventCountry "GER"]
[SourceTitle "Corr 2022"]
[Source "ChessBase"]
[SourceDate "2021.10.24"]
[SourceVersion "1"]
[SourceVersionDate "2021.10.24"]
[SourceQuality "1"]

1. d4 Nf6 2. Nf3 g6 3. c4 Bg7 4. g3 c6 5. Bg2 d5 6. Nc3 dxc4 7. 0-0 0-0 8. e4 b5 9. Qc2 a5 10. Rd1 Nbd7 11. a4 b4 12. Ne2 Ba6 13. Ne5 b3 14. Qd2 Nxe5 15. dxe5 Ng4 16. f4 Qc7 17. Qd7 Qb6+ 18. Qd4 c5 19. Qc3 Rad8 20. Rxd8 1-0

[Event "LSS No Engine Cup 197 Preliminary 0"]
[Site "LSS email"]
[Date "2020.01.19"]
[Round "?"]
[White "Jimenez Alonso, Julio"]
[Black "Erdem, Naci"]
[Result "1-0"]
[WhiteElo "1600"]
[BlackElo "1387"]
[PlyCount "41"]
[EventDate "2020.01.19"]
[EventType "tourn (corr)"]
[EventRounds "6"]
[EventCountry "GER"]
[SourceTitle "Corr 2022"]
[Source "ChessBase"]
[SourceDate "2021.10.24"]
[SourceVersion "1"]
[SourceVersionDate "2021.10.24"]
[SourceQuality "1"]

1. e4 c5 2. Nf3 Nc6 3. Bb5 Qb6 4. Nc3 d6 5. 0-0 Bg4 6. h3 Bh5 7. Re1 e6 8. a4 Nge7 9. a5 Qc7 10. Nd5 Qd7 11. c3 a6 12. Ba4 b5 13. axb6 Rb8 14. d4 exd5 15. exd5 Rxb6 16. dxc6 Qc7 17. dxc5 dxc5 18. g3 Bg6 19. Bf4 Qc8 20. c7+ Rb5 21. c4 1-0

[Event "OP-2016-0-04196"]
[Site "LSS email"]
[Date "2016.10.30"]
[Round "?"]
[White "Czaban, Tomasz"]
[Black "Jimenez Alonso, Julio"]
[Result "0-1"]
[WhiteElo "681"]
[BlackElo "1853"]
[PlyCount "58"]
[EventDate "2016.10.24"]
[EventType "tourn (corr)"]
[EventRounds "4"]
[EventCountry "GER"]
[SourceTitle "Corr 2022"]
[Source "ChessBase"]
[SourceDate "2021.10.24"]
[SourceVersion "1"]
[SourceVersionDate "2021.10.24"]
[SourceQuality "1"]

1. e4 c5 2. Nf3 Nc6 3. d4 cxd4 4. Nxd4 e6 5. Nxc6 bxc6 6. a3 d5 7. exd5 cxd5 8. Bb5+ Bd7 9. Bxd7+ Qxd7 10. 0-0 Nf6 11. Nc3 Be7 12. Re1 0-0 13. h3 Qc7 14. Bd2 Rab8 15. b4 Rfc8 16. Rc1 a5 17. Ne2 axb4 18. axb4 Bxb4 19. c3 Bc5 20. Nd4 Ne4 21. f3 Nxd2 22. Qxd2 e5 23. Qg5 exd4 24. cxd4 Bxd4+ 25. Kh1 Qd6 26. Rcd1 Re8 27. Qg4 Rxe1+ 28. Rxe1 Be3 29. Rc1 Bxc1 0-1

[Event "OP-2016-0-04184"]
[Site "LSS email"]
[Date "2016.10.17"]
[Round "?"]
[White "Jarabinsky, Martin"]
[Black "Jimenez Alonso, Julio"]
[Result "1-0"]
[WhiteElo "2155"]
[BlackElo "1845"]
[PlyCount "77"]
[EventDate "2016.10.11"]
[EventType "tourn (corr)"]
[EventRounds "4"]
[EventCountry "GER"]
[SourceTitle "Corr 2022"]
[Source "ChessBase"]
[SourceDate "2021.10.24"]
[SourceVersion "1"]
[SourceVersionDate "2021.10.24"]
[SourceQuality "1"]

1. e4 c6 2. d4 d5 3. e5 Bf5 4. Be2 e6 5. Nf3 Nd7 6. 0-0 Bg6 7. a4 Ne7 8. a5 Nf5 9. c3 Be7 10. g4 Nh6 11. Ne1 f6 12. f4 fxe5 13. fxe5 Bf7 14. Nd2 0-0 15. Ng2 c5 16. h3 cxd4 17. cxd4 Rc8 18. Nf3 Nb8 19. Bd3 Nc6 20. Bd2 Nb4 21. Bxb4 Bxb4 22. h4 g6 23. a6 b5 24. Ng5 Qb6 25. Kh1 Be7 26. Be2 Be8 27. Rxf8+ Bxf8 28. Nf4 Rc6 29. Qd2 Nf7 30. Nf3 b4 31. Rg1 b3 32. Bd3 Bg7 33. Qe3 Rc7 34. g5 Qc6 35. h5 Nh8 36. Nh4 gxh5 37. g6 Nxg6 38. Nfxg6 hxg6 39. Nxg6 1-0

[Event "OP-2016-0-04184"]
[Site "LSS email"]
[Date "2016.10.17"]
[Round "?"]
[White "Jimenez Alonso, Julio"]
[Black "Puzanov, Vasyl"]
[Result "1-0"]
[WhiteElo "1845"]
[BlackElo "1188"]
[PlyCount "23"]
[EventDate "2016.10.11"]
[EventType "tourn (corr)"]
[EventRounds "4"]
[EventCountry "GER"]
[SourceTitle "Corr 2022"]
[Source "ChessBase"]
[SourceDate "2021.10.24"]
[SourceVersion "1"]
[SourceVersionDate "2021.10.24"]
[SourceQuality "1"]

1. e4 e5 2. Nf3 Nc6 3. Bb5 a6 4. Ba4 Nge7 5. c3 g6 6. 0-0 Bg7 7. d4 0-0 8. d5 Nb8 9. d6 cxd6 10. Qxd6 Nbc6 11. Be3 h6 12. Rd1 1-0

[Event "ZI-2016-0-02216"]
[Site "LSS email"]
[Date "2016.10.06"]
[Round "?"]
[White "Jimenez Alonso, Julio"]
[Black "Stancl, Vladimir"]
[Result "1/2-1/2"]
[WhiteElo "1845"]
[BlackElo "1955"]
[PlyCount "59"]
[EventDate "2016.09.22"]
[EventType "match (corr)"]
[EventRounds "2"]
[EventCountry "GER"]
[SourceTitle "Corr 2022"]
[Source "ChessBase"]
[SourceDate "2021.10.24"]
[SourceVersion "1"]
[SourceVersionDate "2021.10.24"]
[SourceQuality "1"]

1. Nf3 Nf6 2. d4 e6 3. g3 c5 4. Bg2 cxd4 5. Nxd4 d5 6. 0-0 e5 7. Nb3 Be6 8. Nc3 Be7 9. f4 exf4 10. gxf4 g6 11. Nd4 Nc6 12. Kh1 Nxd4 13. Qxd4 Rc8 14. Qa4+ Qd7 15. Qxd7+ Kxd7 16. Be3 Bc5 17. Bxc5 Rxc5 18. Rad1 Ke7 19. Rd4 Rhc8 20. Kg1 a5 21. Rfd1 b5 22. R1d2 b4 23. Nxd5+ Nxd5 24. Bxd5 Rxc2 25. Bxe6 Rxd2 26. Rxd2 Rc1+ 27. Kf2 Kxe6 28. e4 a4 29. Ke3 Rb1 30. Rc2 1/2-1/2

[Event "SB-2016-0-00467"]
[Site "LSS email"]
[Date "2016.09.28"]
[Round "?"]
[White "Ederer, Karel"]
[Black "Jimenez Alonso, Julio"]
[Result "1/2-1/2"]
[WhiteElo "1984"]
[BlackElo "2052"]
[PlyCount "67"]
[EventDate "2016.09.05"]
[EventType "tourn (corr)"]
[EventRounds "6"]
[EventCountry "GER"]
[SourceTitle "Corr 2022"]
[Source "ChessBase"]
[SourceDate "2021.10.24"]
[SourceVersion "1"]
[SourceVersionDate "2021.10.24"]
[SourceQuality "1"]

1. d4 Nf6 2. c4 e6 3. g3 d5 4. Bg2 dxc4 5. Qa4+ Nbd7 6. Nf3 a6 7. Nc3 Rb8 8. Qxc4 b5 9. Qd3 Bb7 10. 0-0 c5 11. a3 cxd4 12. Qxd4 Bc5 13. Qh4 0-0 14. Bf4 Rc8 15. Rad1 Qb6 16. e4 Rfe8 17. e5 Nd5 18. Ne4 Bf8 19. Rfe1 a5 20. Be3 Qc7 21. Bd4 b4 22. Qg4 g6 23. Qh4 Qd8 24. Nd6 Qxh4 25. Nxh4 Bxd6 26. exd6 Red8 27. axb4 axb4 28. f4 Nc5 29. Rc1 Nb3 30. Rxc8 Bxc8 31. Be5 f6 32. Bxd5 exd5 33. Bxf6 Rxd6 34. Be7 1/2-1/2

[Event "SB-2016-0-00467"]
[Site "LSS email"]
[Date "2016.09.27"]
[Round "?"]
[White "Herzog, Klaus"]
[Black "Jimenez Alonso, Julio"]
[Result "0-1"]
[WhiteElo "1797"]
[BlackElo "2052"]
[PlyCount "100"]
[EventDate "2016.09.05"]
[EventType "tourn (corr)"]
[EventRounds "6"]
[EventCountry "GER"]
[SourceTitle "Corr 2022"]
[Source "ChessBase"]
[SourceDate "2021.10.24"]
[SourceVersion "1"]
[SourceVersionDate "2021.10.24"]
[SourceQuality "1"]

1. e4 c5 2. Nf3 e6 3. d4 cxd4 4. Nxd4 Nc6 5. Nc3 Qc7 6. Be3 a6 7. Qd2 Nf6 8. 0-0-0 Bb4 9. f3 Ne5 10. Nb3 b5 11. Kb1 Nc4 12. Bxc4 bxc4 13. Nd4 0-0 14. g4 Rb8 15. g5 Nh5 16. Ka1 Qb7 17. Nde2 f6 18. Rb1 fxg5 19. a3 a5 20. Rhg1 Rxf3 21. Rxg5 Nf6 22. Bd4 Bf8 23. Ng3 Ne8 24. Qe2 Rf7 25. Rxa5 Qc7 26. Ra4 Bb7 27. Qxc4 Qxc4 28. Rxc4 Ra8 29. Rd1 Bc6 30. Bc5 Bxc5 31. Rxc5 Rf2 32. b4 Rxc2 33. Kb1 Rxh2 34. b5 Rb8 35. Kc1 Bb7 36. Rxd7 Nf6 37. Rd2 Rh3 38. Nge2 h5 39. Nf4 Rh1+ 40. Rd1 Rxd1+ 41. Kxd1 h4 42. a4 Bxe4 43. a5 Bf5 44. a6 h3 45. Nxh3 Bxh3 46. a7 Rd8+ 47. Ke1 Bg2 48. Na4 Ne8 49. Nb6 Nd6 50. Nc4 Rc8 0-1

[Event "OP-2016-0-04053"]
[Site "LSS email"]
[Date "2016.05.24"]
[Round "?"]
[White "Obrien, Glenn"]
[Black "Jimenez Alonso, Julio"]
[Result "1/2-1/2"]
[WhiteElo "1358"]
[BlackElo "2052"]
[PlyCount "100"]
[EventDate "2016.05.18"]
[EventType "tourn (corr)"]
[EventRounds "4"]
[EventCountry "GER"]
[SourceTitle "Corr 2022"]
[Source "ChessBase"]
[SourceDate "2021.10.24"]
[SourceVersion "1"]
[SourceVersionDate "2021.10.24"]
[SourceQuality "1"]

1. e4 e5 2. Nf3 Nc6 3. Bb5 a6 4. Ba4 Nf6 5. 0-0 Be7 6. Re1 b5 7. Bb3 0-0 8. c3 d5 9. exd5 Nxd5 10. Nxe5 Nxe5 11. Rxe5 c6 12. d4 Bd6 13. Re1 Qh4 14. g3 Qh3 15. Be3 Bg4 16. Qd3 Rae8 17. Nd2 Re6 18. a4 Qh5 19. axb5 axb5 20. Nf1 Bf5 21. Qd2 Bh3 22. Bd1 Qg6 23. Bf3 Qf5 24. Qd1 h5 25. Ra6 Bc7 26. Bh1 Rf6 27. Qe2 h4 28. Bd2 Re6 29. Be4 Bxf1 30. Bxf5 Rxe2 31. Rd1 Rxd2 32. Rxd2 Bc4 33. Rxc6 Ra8 34. Bc2 h3 35. f3 Ra2 36. b3 Bxb3 37. Bxb3 Rxd2 38. Bxd5 Rg2+ 39. Kf1 Ba5 40. Rc8+ Kh7 41. Bxf7 Rxh2 42. Bg8+ Kh6 43. Be6 Rh1+ 44. Kf2 h2 45. Rh8+ Kg5 46. d5 Bxc3 47. Kg2 Rd1 48. Kxh2 b4 49. Rb8 Kf6 50. Kg2 Rd2+ 1/2-1/2

[Event "OP-2016-0-04053"]
[Site "LSS email"]
[Date "2016.05.24"]
[Round "?"]
[White "Sandocal, Uzmir"]
[Black "Jimenez Alonso, Julio"]
[Result "0-1"]
[WhiteElo "1765"]
[BlackElo "2052"]
[PlyCount "62"]
[EventDate "2016.05.18"]
[EventType "tourn (corr)"]
[EventRounds "4"]
[EventCountry "GER"]
[SourceTitle "Corr 2022"]
[Source "ChessBase"]
[SourceDate "2021.10.24"]
[SourceVersion "1"]
[SourceVersionDate "2021.10.24"]
[SourceQuality "1"]

1. e4 e5 2. Nf3 Nc6 3. Bb5 a6 4. Bxc6 dxc6 5. 0-0 Bg4 6. h3 h5 7. d3 Qf6 8. Nbd2 Ne7 9. Re1 Ng6 10. d4 Bd6 11. c4 Nf4 12. c5 Be7 13. Qb3 0-0-0 14. Nxe5 Rxd4 15. Ndf3 Bxf3 16. Qxf3 Nxg2 17. Kxg2 Qxe5 18. Be3 Rb4 19. Rad1 Qe6 20. Bd4 Rd8 21. Bc3 Rxd1 22. Rxd1 Rxe4 23. Qxh5 Kb8 24. Bxg7 Rf4 25. Qh8+ Ka7 26. Rd4 Qg6+ 27. Kf1 Rf6 28. Re4 Rxf2+ 29. Kxf2 Qxe4 30. Be5 Bxc5+ 31. Kg3 Qe3+ 0-1

[Event "IECG CP.2001.P.00040"]
[Site "IECG email"]
[Date "2001.10.01"]
[Round "?"]
[White "Ausan, Leo Tito Jr"]
[Black "Jimenez Alonso, Julio"]
[Result "0-1"]
[WhiteElo "1166"]
[BlackElo "2039"]
[PlyCount "64"]
[EventDate "2001.10.01"]
[EventType "tourn (corr)"]
[EventRounds "6"]
[SourceTitle "Corr 2008"]
[Source "ChessBase"]
[SourceDate "2008.06.24"]
[SourceVersion "1"]
[SourceVersionDate "2008.06.24"]
[SourceQuality "1"]

1. e4 c5 2. Nf3 d6 3. d4 cxd4 4. Nxd4 Nf6 5. Nc3 a6 6. Bc4 e6 7. Bb3 b5 8. f3 Be7 9. Be3 0-0 10. Qd2 Bb7 11. 0-0-0 Nbd7 12. g4 Nc5 13. g5 Nfd7 14. h4 Rc8 15. h5 b4 16. Nce2 d5 17. exd5 Nxb3+ 18. axb3 Nc5 19. Kb1 Qxd5 20. g6 Qd7 21. h6 fxg6 22. hxg7 Rf7 23. Rxh7 Kxh7 24. Ng3 Kxg7 25. Ne4 e5 26. Bh6+ Kg8 27. Qg2 Bxe4 28. fxe4 Qd6 29. Qg4 Rd8 30. Rg1 exd4 31. e5 Qb6 32. Qh5 Rf1+ 0-1

[Event "IECG CP.2001.P.00040"]
[Site "IECG email"]
[Date "2001.10.01"]
[Round "?"]
[White "Jimenez Alonso, Julio"]
[Black "Balourdet, Louis"]
[Result "1-0"]
[WhiteElo "2039"]
[BlackElo "1492"]
[PlyCount "63"]
[EventDate "2001.10.01"]
[EventType "tourn (corr)"]
[EventRounds "6"]
[SourceTitle "Corr 2008"]
[Source "ChessBase"]
[SourceDate "2008.06.24"]
[SourceVersion "1"]
[SourceVersionDate "2008.06.24"]
[SourceQuality "1"]

1. e4 c5 2. Nf3 d6 3. d4 cxd4 4. Nxd4 Nf6 5. Nc3 a6 6. f3 e5 7. Nb3 Be6 8. Be3 Be7 9. Qd2 Nbd7 10. g4 h6 11. 0-0-0 b5 12. h4 Nb6 13. Qf2 Rb8 14. Nc5 b4 15. Nb1 a5 16. Nxe6 fxe6 17. Qg2 Qc7 18. g5 hxg5 19. hxg5 Rxh1 20. Qxh1 Nfd7 21. Qh8+ Bf8 22. Qg8 Kd8 23. g6 Qb7 24. Rxd6 Kc7 25. Rd3 Qc6 26. Bh3 Nc5 27. Qf7+ Nbd7 28. Bxc5 Bxc5 29. Bxe6 Bd6 30. Qxg7 Rd8 31. Qf7 Qc5 32. g7 1-0

[Event "IECG CP.2000.Q.00006"]
[Site "IECG email"]
[Date "2001.10.01"]
[Round "?"]
[White "Jimenez Alonso, Julio"]
[Black "Evans, Gordon R"]
[Result "1/2-1/2"]
[WhiteElo "2039"]
[BlackElo "2225"]
[PlyCount "60"]
[EventDate "2001.10.01"]
[EventType "tourn (corr)"]
[EventRounds "6"]
[SourceTitle "Corr 2008"]
[Source "ChessBase"]
[SourceDate "2008.06.24"]
[SourceVersion "1"]
[SourceVersionDate "2008.06.24"]
[SourceQuality "1"]

1. d4 Nf6 2. c4 g6 3. Nc3 d5 4. Nf3 Bg7 5. Qb3 dxc4 6. Qxc4 0-0 7. e4 Nc6 8. Be2 Bg4 9. d5 Na5 10. Qb4 Bxf3 11. Bxf3 c6 12. 0-0 Qb6 13. Qa4 Nd7 14. Be3 Qxb2 15. Rfc1 Bxc3 16. Rab1 b5 17. Rxb2 bxa4 18. Rxc3 cxd5 19. exd5 Rac8 20. Rbc2 Nb6 21. Rc7 Nac4 22. Rxe7 Nxe3 23. Rxc8 Nxc8 24. Rxe3 Rd8 25. Kf1 Nb6 26. g4 Kf8 27. g5 Rd7 28. Re5 Re7 29. Re3 Rd7 30. Re5 Re7 1/2-1/2

[Event "IECG CP.1999.S.00004"]
[Site "IECG email"]
[Date "2001.10.01"]
[Round "?"]
[White "Jimenez Alonso, Julio"]
[Black "Ribeiro, Vitor Manuel"]
[Result "0-1"]
[WhiteElo "2039"]
[BlackElo "1966"]
[PlyCount "82"]
[EventDate "2001.10.01"]
[EventType "tourn (corr)"]
[EventRounds "6"]
[SourceTitle "Corr 2008"]
[Source "ChessBase"]
[SourceDate "2008.06.24"]
[SourceVersion "1"]
[SourceVersionDate "2008.06.24"]
[SourceQuality "1"]

1. e4 c5 2. Nf3 d6 3. d4 cxd4 4. Nxd4 Nf6 5. Nc3 a6 6. Be3 e5 7. Nb3 Be6 8. f3 Nbd7 9. g4 b5 10. Qd2 Nb6 11. g5 Nfd7 12. Nd5 Bxd5 13. exd5 Rc8 14. f4 Nc4 15. Bxc4 bxc4 16. Nc1 h6 17. Ne2 hxg5 18. fxg5 Be7 19. Ng3 c3 20. bxc3 Qa5 21. Nf5 g6 22. Nxe7 Kxe7 23. 0-0 Qxc3 24. Qf2 Rh7 25. Rae1 Qc4 26. Qg2 Rh4 27. h3 Rch8 28. Rf3 Qxd5 29. a3 Qe6 30. Kh2 e4 31. Rg3 Ne5 32. Bd2 d5 33. Bc3 Kf8 34. Kg1 R8h5 35. Qf1 Ke8 36. Re2 Nc4 37. Qb1 Qc8 38. Rh2 Qc7 39. Be1 Qa7+ 40. Kh1 Rf4 41. Bd2 e3 0-1